[Event "BEL-chT 1314"]
[Site "Belgium"]
[Date "2013.12.15"]
[Round "6.4"]
[White "Marville, Gregoire"]
[Black "Boidman, Yuri"]
[Result "0-1"]
[WhiteElo "2095"]
[BlackElo "2389"]
[PlyCount "90"]
[EventDate "2013.09.22"]
[EventType "team-tourn"]
[EventRounds "11"]
[EventCountry "BEL"]
[SourceTitle "EXT 2015"]
[Source "ChessBase"]
[SourceDate "2014.11.20"]
[SourceVersion "1"]
[SourceVersionDate "2014.11.20"]
[SourceQuality "1"]
[WhiteTeam "Liege Crelel"]
[BlackTeam "Wirtzfeld"]
[WhiteTeamCountry "BEL"]
[BlackTeamCountry "BEL"]

1. d4 d5 2. Bf4 Nf6 3. e3 c5 4. dxc5 Nc6 5. Bb5 e6 6. b4 a5 7. c3 Be7 8. Nf3 0-0 9. 0-0 axb4 10. Bxc6 b3 11. Qxb3 bxc6 12. Nd4 Qd7 13. Qb4 Ne4 14. Nb3 Ba6 15. Rd1 Qa7 16. N1d2 Nxc5 17. Nxc5 Bxc5 18. Qa4 Be2 19. Qxa7 Rxa7 20. Rdb1 Rfa8 21. Nb3 Bf8 22. Nd4 Bd3 23. Nxc6 Rxa2 24. Rxa2 Rxa2 25. Rc1 Ba3 26. Rd1 Bc2 27. Re1 f6 28. Bc7 Bg6 29. Ba5 Be8 30. Nb4 Rd2 31. h3 Bb2 32. Na2 Rc2 33. e4 d4 34. Rd1 e5 35. f4 Bc6 36. Nb4 Rxc3 37. Nxc6 Rxc6 38. fxe5 fxe5 39. Rd3 Bc1 40. Kf1 Be3 41. Ke2 Rc2+ 42. Kf3 Rf2+ 43. Kg4 Rxg2+ 44. Kf5 Kf7 45. h4 Bf4 0-1

[Event "BEL-chT 1314"]
[Site "Belgium"]
[Date "2013.09.22"]
[Round "1.7"]
[White "Goormachtigh, Johan"]
[Black "Marville, Gregoire"]
[Result "1/2-1/2"]
[WhiteElo "2174"]
[BlackElo "2089"]
[PlyCount "82"]
[EventDate "2013.09.22"]
[EventType "team-tourn"]
[EventRounds "11"]
[EventCountry "BEL"]
[SourceTitle "CBM 156 Extra"]
[Source "ChessBase"]
[SourceDate "2013.10.22"]
[SourceVersion "1"]
[SourceVersionDate "2013.10.22"]
[SourceQuality "1"]
[WhiteTeam "KGSRL"]
[BlackTeam "Liege Crelel"]
[WhiteTeamCountry "BEL"]
[BlackTeamCountry "BEL"]

1. d4 d5 2. Nf3 Nf6 3. c4 e6 4. Nc3 c6 5. e3 Nbd7 6. Bd3 Bb4 7. 0-0 0-0 8. a3 Bd6 9. e4 dxe4 10. Nxe4 Nxe4 11. Bxe4 e5 12. dxe5 Nxe5 13. Nxe5 Bxe5 14. Bxh7+ Kxh7 15. Qh5+ Kg8 16. Qxe5 Qd3 17. c5 Be6 18. Bf4 Rad8 19. Rac1 Rd5 20. Qe3 Rfd8 21. Qxd3 Rxd3 22. Rfe1 R8d4 23. Be3 Rd5 24. Rc3 Rxc3 25. bxc3 Rd3 26. Bd4 Kf8 27. h4 Bb3 28. Kh2 Rd1 29. Rxd1 Bxd1 30. Kg3 f6 31. Kf4 Bc2 32. g4 Kf7 33. g5 fxg5+ 34. hxg5 g6 35. Ke5 Ke7 36. f4 Bf5 37. c4 Bd3 38. Bc3 Bc2 39. Ba5 Bd3 40. Bc7 Bf5 41. Bb8 a6 1/2-1/2

[Event "BEL-chT 1011"]
[Site "Belgium"]
[Date "2011.01.23"]
[Round "7.3"]
[White "Marville, Gregoire"]
[Black "Coenen, Norbert"]
[Result "1/2-1/2"]
[WhiteElo "2099"]
[BlackElo "2353"]
[PlyCount "92"]
[EventDate "2010.09.26"]
[EventType "team-tourn"]
[EventRounds "11"]
[EventCountry "BEL"]
[SourceTitle "EXT 2012"]
[Source "ChessBase"]
[SourceDate "2011.11.24"]
[SourceVersion "1"]
[SourceVersionDate "2011.11.24"]
[SourceQuality "1"]
[WhiteTeam "Liege Crelel"]
[BlackTeam "Eynatten II"]
[WhiteTeamCountry "BEL"]
[BlackTeamCountry "BEL"]

1. d4 Nf6 2. Bg5 e6 3. e4 h6 4. Bxf6 Qxf6 5. c3 d6 6. Nf3 Nd7 7. Nbd2 e5 8. Nc4 Be7 9. Qd3 0-0 10. g3 Re8 11. Bg2 exd4 12. Qxd4 Nc5 13. 0-0 Qxd4 14. Nxd4 Bf6 15. Rfe1 Bd7 16. Rad1 a5 17. Ne3 a4 18. Nd5 Bd8 19. f4 c6 20. Nb4 Bb6 21. Kh1 Rad8 22. Nd3 Bg4 23. Rd2 Re7 24. Nf2 Bc8 25. Red1 Rde8 26. h3 g6 27. Kh2 Kg7 28. f5 h5 29. g4 hxg4 30. hxg4 g5 31. Ne2 Nd7 32. Nh3 f6 33. Nd4 Nc5 34. Nf2 Bc7 35. Kg1 Rh8 36. b4 axb3 37. axb3 Bb6 38. Kf1 Bd7 39. b4 Na4 40. Rc2 Bc7 41. Ra1 c5 42. Ne2 cxb4 43. cxb4 Bb5 44. Bf3 Bb6 45. Kg2 Rhe8 46. Rd1 Bxe2 1/2-1/2

[Event "BEL-chT 0809"]
[Site "Belgium"]
[Date "2008.10.19"]
[Round "2.7"]
[White "Haub, Thorsten Michael"]
[Black "Marville, Gregoire"]
[Result "1-0"]
[WhiteElo "2460"]
[BlackElo "2070"]
[PlyCount "67"]
[EventDate "2008.10.05"]
[EventType "team-tourn"]
[EventRounds "11"]
[EventCountry "BEL"]
[SourceTitle "CBM 127 Extra"]
[Source "ChessBase"]
[SourceDate "2009.01.08"]
[SourceVersion "2"]
[SourceVersionDate "2009.01.28"]
[SourceQuality "1"]
[WhiteTeam "Wirtzfeld"]
[BlackTeam "Liege Crelel"]
[WhiteTeamCountry "BEL"]
[BlackTeamCountry "BEL"]

1. Nf3 d5 2. g3 Nf6 3. d3 Bf5 4. Bg2 c6 5. Nbd2 Nbd7 6. 0-0 e5 7. Qe1 Bb4 8. a3 Qa5 9. Rb1 Bd6 10. e4 Be6 11. d4 Qc7 12. dxe5 Nxe5 13. Nd4 0-0 14. Nxe6 fxe6 15. b4 Qb6 16. Kh1 Nfg4 17. f4 Nxh2 18. Kxh2 Ng4+ 19. Kh3 Ne3 20. e5 Be7 21. Rf3 Nxc2 22. Qf2 Nd4 23. Rd3 Nb5 24. Qxb6 axb6 25. Nf3 Ra4 26. Rbb3 h6 27. Bf1 Rfa8 28. Be2 Kf7 29. Bd1 R4a7 30. Re3 Ra6 31. Be2 Rc8 32. Bxb5 cxb5 33. Rec3 Raa8 34. Nd4 1-0

[Event "EU-ch 8th"]
[Site "Dresden"]
[Date "2007.04.13"]
[Round "10"]
[White "Grigoryan, Meri"]
[Black "Marville, Gregoire"]
[Result "1/2-1/2"]
[WhiteElo "2058"]
[BlackElo "2031"]
[PlyCount "48"]
[EventDate "2007.04.03"]
[EventType "swiss"]
[EventRounds "11"]
[EventCountry "GER"]
[SourceTitle "CBM 118"]
[Source "ChessBase"]
[SourceDate "2007.05.31"]
[SourceVersion "1"]
[SourceVersionDate "2007.05.31"]
[SourceQuality "1"]

1. e4 c5 2. b3 Nc6 3. Bb2 d6 4. Bb5 Bd7 5. f4 Nf6 6. d3 Qa5+ 7. Nc3 g6 8. Bxc6 Bxc6 9. Qd2 Bg7 10. Nf3 b5 11. 0-0 Nh5 12. e5 Bxf3 13. Rxf3 dxe5 14. fxe5 Bxe5 15. Re1 f6 16. Rxe5 fxe5 17. Qe3 0-0-0 18. Qxe5 Rhe8 19. Qxc5+ Kb7 20. Qxb5+ Qxb5 21. Nxb5 Rf8 22. Re3 Rf7 23. Nd4 Nf4 24. Nf3 Nd5 1/2-1/2

[Event "EU-ch 8th"]
[Site "Dresden"]
[Date "2007.04.07"]
[Round "5"]
[White "Marville, Gregoire"]
[Black "Pick, Stefan"]
[Result "1/2-1/2"]
[WhiteElo "2031"]
[BlackElo "2083"]
[PlyCount "99"]
[EventDate "2007.04.03"]
[EventType "swiss"]
[EventRounds "11"]
[EventCountry "GER"]
[SourceTitle "CBM 118"]
[Source "ChessBase"]
[SourceDate "2007.05.31"]
[SourceVersion "1"]
[SourceVersionDate "2007.05.31"]
[SourceQuality "1"]

1. d4 Nf6 2. Bg5 Ne4 3. Bf4 c5 4. f3 Nf6 5. d5 Qb6 6. b3 g6 7. e4 Bg7 8. c3 d6 9. Ne2 Bd7 10. Na3 Qc7 11. Qd3 0-0 12. g4 a6 13. Ng3 b5 14. Bd2 e6 15. g5 Nh5 16. Nxh5 gxh5 17. 0-0-0 exd5 18. Qxd5 Nc6 19. Nb1 Be6 20. Qd3 c4 21. bxc4 Ne5 22. Qc2 Bxc4 23. f4 Ng4 24. Bxc4 Qxc4 25. Rhf1 Qc5 26. Rde1 b4 27. h3 bxc3 28. Nxc3 Nh2 29. Rh1 Nf3 30. Re3 Nxd2 31. Kxd2 Rfc8 32. Rc1 Qa5 33. f5 d5 34. exd5 Bxc3+ 35. Rxc3 Qxd5+ 36. Ke1 Re8+ 37. Kf2 Rad8 38. Kg1 h6 39. gxh6 Kh8 40. Rg3 Qd4+ 41. Qf2 Qf6 42. Kh1 Qxh6 43. Qb2+ Kh7 44. Rcg1 Rg8 45. Rxg8 Rxg8 46. Rxg8 Kxg8 47. Qg2+ Qg7 48. Qa8+ Kh7 49. Qxa6 Qe5 50. Qf1 1/2-1/2

[Event "EU-ch 8th"]
[Site "Dresden"]
[Date "2007.04.05"]
[Round "3"]
[White "Schulz, Michael"]
[Black "Marville, Gregoire"]
[Result "1-0"]
[WhiteElo "2250"]
[BlackElo "2031"]
[PlyCount "69"]
[EventDate "2007.04.03"]
[EventType "swiss"]
[EventRounds "11"]
[EventCountry "GER"]
[SourceTitle "CBM 118"]
[Source "ChessBase"]
[SourceDate "2007.05.31"]
[SourceVersion "1"]
[SourceVersionDate "2007.05.31"]
[SourceQuality "1"]

1. d4 d5 2. Bg5 f6 3. Bf4 Nc6 4. Nf3 Bf5 5. e3 g5 6. Bg3 Nb4 7. Na3 e6 8. c3 Nc6 9. Nb5 Bd6 10. Nxd6+ cxd6 11. Qb3 Qd7 12. h4 g4 13. Nd2 Nge7 14. Qa3 Rd8 15. Be2 h5 16. b4 a6 17. 0-0 Rg8 18. b5 axb5 19. Bxb5 Kf7 20. c4 dxc4 21. e4 Bh7 22. d5 exd5 23. exd5 Nxd5 24. Bxc4 Nce7 25. Rfe1 Kg7 26. Qb3 Qc6 27. Rac1 Kh8 28. Bxd5 Qxd5 29. Rxe7 Qxd2 30. Rcc7 Bg6 31. Qe6 Qd4 32. Rxb7 d5 33. Kh2 Rgf8 34. Rh7+ Bxh7 35. Qe7 1-0

[Event "BEL-ch U14"]
[Site "Worriken Buetgenbach"]
[Date "2004.04.05"]
[Round "3.5"]
[White "Moernaut, Evelien"]
[Black "Marville, Gregoire"]
[Result "1/2-1/2"]
[WhiteElo "1570"]
[BlackElo "1828"]
[PlyCount "47"]
[EventDate "2004.04.03"]
[EventType "swiss"]
[EventRounds "9"]
[EventCountry "BEL"]
[SourceTitle "EXT 2006"]
[Source "ChessBase"]
[SourceDate "2005.11.24"]
[SourceVersion "1"]
[SourceVersionDate "2005.11.24"]
[SourceQuality "1"]

1. d4 d5 2. Nf3 Nf6 3. e3 e6 4. Bd3 c5 5. b3 Nc6 6. 0-0 Bd6 7. Bb2 0-0 8. Nbd2 Qe7 9. Ne5 cxd4 10. exd4 Ba3 11. Qc1 Bxb2 12. Qxb2 Bd7 13. f4 Rac8 14. a3 g6 15. Ndf3 a6 16. c4 Na7 17. Rac1 Rfd8 18. Rfd1 Be8 19. Ng5 Nh5 20. Nh3 Nf6 21. Ng5 Kg7 22. Rf1 h6 23. Nh3 Bc6 24. c5 1/2-1/2

[Event "BEL-ch U14"]
[Site "Worriken Buetgenbach"]
[Date "2004.04.04"]
[Round "2.1"]
[White "Marville, Gregoire"]
[Black "Hulpia, Fabian"]
[Result "1/2-1/2"]
[WhiteElo "1828"]
[BlackElo "1401"]
[PlyCount "98"]
[EventDate "2004.04.03"]
[EventType "swiss"]
[EventRounds "9"]
[EventCountry "BEL"]
[SourceTitle "EXT 2006"]
[Source "ChessBase"]
[SourceDate "2005.11.24"]
[SourceVersion "1"]
[SourceVersionDate "2005.11.24"]
[SourceQuality "1"]

1. e4 c5 2. Nf3 e6 3. d4 cxd4 4. Nxd4 Nc6 5. Be3 a6 6. a3 Nge7 7. Nc3 Nxd4 8. Bxd4 Nc6 9. Bc4 b5 10. Bb3 Bb7 11. 0-0 Qc7 12. Be3 Be7 13. Qd2 0-0 14. Rad1 Rad8 15. f3 d6 16. Qf2 Qc8 17. Ne2 Ne5 18. Qg3 Ng6 19. Nf4 Nxf4 20. Bxf4 Qc5+ 21. Kh1 Kh8 22. Rfe1 h6 23. Rd3 Rd7 24. Be5 Rg8 25. Bd4 Qc7 26. Qh3 Kh7 27. Red1 d5 28. Bc3 Rgd8 29. Qg4 g6 30. exd5 Bxd5 31. Bxd5 Rxd5 32. Rxd5 Rxd5 33. Rxd5 exd5 34. Qd4 f6 35. Qxd5 Kg7 36. Qd3 Qb7 37. Qe3 Qd7 38. Bd2 g5 39. Qd3 Qc7 40. Bc3 Qc6 41. Qe4 Qd7 42. Qd3 Qc7 43. Qd5 Qa7 44. Bd4 Qc7 45. c3 Qf4 46. Bg1 Qc1 47. Qb7 Kf7 48. Qd5+ Kg7 49. Qb7 Kf7 1/2-1/2

[Event "BEL-ch U14"]
[Site "Worriken Buetgenbach"]
[Date "2004.04.03"]
[Round "1.1"]
[White "Ralet, Philippe"]
[Black "Marville, Gregoire"]
[Result "0-1"]
[WhiteElo "1175"]
[BlackElo "1828"]
[PlyCount "56"]
[EventDate "2004.04.03"]
[EventType "swiss"]
[EventRounds "9"]
[EventCountry "BEL"]
[SourceTitle "EXT 2006"]
[Source "ChessBase"]
[SourceDate "2005.11.24"]
[SourceVersion "1"]
[SourceVersionDate "2005.11.24"]
[SourceQuality "1"]

1. e4 c5 2. Nf3 Nc6 3. Bc4 e6 4. d3 d6 5. Nc3 Be7 6. 0-0 Nf6 7. Be3 d5 8. exd5 exd5 9. Bxd5 Nxd5 10. Nxd5 Qxd5 11. c4 Qd8 12. d4 cxd4 13. Nxd4 Nxd4 14. Bxd4 0-0 15. g3 Be6 16. c5 Qd5 17. b4 Bh3 18. f3 Bxf1 19. Kxf1 Rad8 20. Qe2 Qxd4 21. Rd1 Qxd1+ 22. Qxd1 Rxd1+ 23. Ke2 Rfd8 24. h4 R8d3 25. a4 R1d2+ 26. Ke1 Rh2 27. a5 Ra3 28. Kf1 Ra1# 0-1